| 000 | 01258namaa2200337 i 4500 | ||
|---|---|---|---|
| 999 |
_c200443889 _d62101 |
||
| 001 | 200443889 | ||
| 003 | TR-AnTOB | ||
| 005 | 20220331105503.0 | ||
| 007 | ta | ||
| 008 | 021014s1987 tu 000 0 tur d | ||
| 035 | _a(TR-AnTOB)200443889 | ||
| 040 |
_aTR-AnTOB _beng _erda _cTR-AnTOB |
||
| 041 | 0 | _atur | |
| 050 | 4 |
_aHD4276.7 _b.K368 1987 |
|
| 090 |
_aHD4276.7 _b.K368 1987 |
||
| 245 | 0 | 0 |
_aKamu iktisadi teşebbüslerinde bir özelleştirme yöntemi olarak çalışanların sermayeye ortaklıkları / _cHaz. Mehmet Ali Gürol. |
| 264 | 1 |
_aAnkara : _bToplu Konut ve Kamu Ortaklığı İdaresi Başkanlığı, _c1987. |
|
| 300 |
_a201 pages ; _c29 cm |
||
| 336 |
_atext _btxt _2rdacontent |
||
| 337 |
_aunmediated _bn _2rdamedia |
||
| 338 |
_avolume _bnc _2rdacarrier |
||
| 650 | 7 |
_aKamu iktisadi teşebbüsleri _zTürkiye _2etuturkob _985507 |
|
| 650 | 7 |
_aÖzelleştirme _zTürkiye _2etuturkob _96512 |
|
| 650 | 0 |
_aİşçi şirketleri _zTürkiye _9132844 |
|
| 650 | 7 |
_aEndüstriyel yönetim _xİşçi katılımı _zTürkiye _2etuturkob _9132845 |
|
| 700 | 1 |
_aGürol, Mehmet Ali, _d1943- _eeditor _9133059 |
|
| 710 | 1 |
_aTurkey. _bToplu Konut İdaresi Başkanlığı _9104373 |
|
| 942 |
_2lcc _cBK |
||